MARC

LEADER 00000nam0a2200000 4500
001 190998
005 20231031180442.0
010 |a 5020129313 
020 |a RU  |b 90-62376 
035 |a (RuTPU)RU\TPU\book\208233 
090 |a 190998 
100 |a 20110131d1990 k y0rusy5003 ca 
101 0 |a rus 
102 |a RU 
105 |a y z 000zy 
200 1 |a Социальная политика: конституционно-правовые проблемы  |f А. Е. Козлов  |g Академия наук СССР (АН СССР), Институт государства и права (ИГП) 
210 |a Москва  |c Наука  |d 1990 
215 |a 160 с.  |d 22 см 
225 1 |a Юридические науки 
610 1 |a социальная политика 
610 1 |a СССР 
610 1 |a конституционно-правовые принципы 
610 1 |a конституционное регулирование 
610 1 |a социальные права 
610 1 |a государственно-правовой механизм 
610 1 |a социальное планирование 
610 1 |a социальное прогнозирование 
686 |a Х620.1  |v LBC/SL-A  |2 rubbk 
700 1 |a Козлов  |b А. Е.  |g Александр Евгеньевич  |4 070 
712 0 2 |a Академия наук СССР (АН СССР)  |b Институт государства и права (ИГП)  |c (Москва)  |2 stltpush  |3 (RuTPU)RU\TPU\col\11358 
801 0 |a RU  |b RuMRKP  |c 19950417  |g psbo 
801 1 |a RU  |b 63413507  |c 20110131 
801 2 |a RU  |b 63413507  |c 20110318  |g RCR 
942 |c BK